| 000 | 01052nmm a2200301 a 4500 | ||
|---|---|---|---|
| 001 | ocm0002347632 | ||
| 003 | TR-IsHL | ||
| 005 | 20201028185044.0 | ||
| 008 | 190901s2019 tu tur | ||
| 007 | cr cn | ||
| 020 | _a9786059898904 | ||
| 035 |
_a2347632 _b(N$T) |
||
| 050 | 0 | 4 |
_aBP165.5 _b.D55 2019 |
| 090 | 0 | 4 |
_aBP165.5 _b.D55 2019 |
| 100 | 1 | _aDikmen, Mehmet | |
| 245 | 1 | 0 |
_aAyetler ve hadisler ışığında: aile ilmihali-Her müslümanın öğrenmesi gereken dini bilgiler _h[electronic resource] / _cMehmet Dikmen |
| 250 | _a1. Baskı | ||
| 260 |
_aİstanbul : _bDemlik Yayınları, _c2019 |
||
| 300 | _a519 p. | ||
| 650 | 4 | _aFelsefe, Psikoloji ve Din | |
| 650 | 4 | _aPhilosophy, Psychology and Religion | |
| 650 | 0 | _aDini yaşam | |
| 650 | 0 | _aReligious life | |
| 650 | 0 |
_aİslam _x Gelenekler ve uygulamalar |
|
| 650 | 0 |
_aIslam _x Customs and practices |
|
| 650 | 7 |
_aRELIGION / Islam / Rituals & Practice _2bisacsh |
|
| 856 | 4 | 0 | _uhttp://search.ebscohost.com/login.aspx?direct=true&scope=site&db=e011xww&AN=2347632 |
| 999 |
_c21285 _d21285 |
||